000 00462cam a22001934a 4500
005 20250605164313.0
008 250528s ||||||||||||||||||||||||d
035 _a22577
020 _a9780863776595
040 _aGR-AtMCL
_bgre
_dGR-AtMCL
_eAACR2
245 1 _aATTENTION PERCEPTION AND MEMORY
250 _a1
260 _bPsychology Press,
_c2005
300 _a368
700 1 _aStyles Elizabeth A
_988
942 _cBK
999 _c7625
_d7625